000 00738cam a2200253 a 4500
001 98
003 BR-CuiBMT
005 20231109230131.0
008 230811s2020 mgba 000 0 por d
020 _a9788545007142
040 _aBR-CuiBMT
_cBR-CuiBMT
080 _22007
_a658.3:35.08
090 _a658.3:35.08
_bB499g
_c2. ed.
100 1 _aBergue, Sandro Trescastro
245 1 0 _aGestão estratégica de pessoas no setor público /
_cSandro Trescastro Bergue.
250 _a2. ed.
260 _aBelo Horizonte :
_bFórum,
_c2020.
300 _a396 p. :
_bil. ;
_c22 cm
504 _aInclui bibliografia.
650 _aAdministração pública
650 _aDireito administrativo
650 _aPolíticas públicas
942 _2udc
_cLV
999 _c98
_d98